| 000 | 00682nam a2200265Ia 4500 | ||
|---|---|---|---|
| 003 | OSt | ||
| 005 | 20240506045046.0 | ||
| 008 | 210329s9999||||xx |||||||||||||| ||und|| | ||
| 020 | _a05215664897 | ||
| 040 | _cSTCPL | ||
| 041 | _aENG | ||
| 082 |
_a070.41 _bJUD-C |
||
| 100 | _aButcher, Judith | ||
| 245 | 0 |
_aCopy-editing : _bThe cambridge handbook for editors, authors and publishers / _cby Judith Butcher |
|
| 250 | _a3rd ed. | ||
| 260 |
_aLondon : _bCambridge University press , _c1998 . |
||
| 300 |
_a471 p. _bPB |
||
| 650 | _aEnglish | ||
| 650 | _aEditing | ||
| 650 | _aLiterary material | ||
| 650 | _aIllustrations | ||
| 942 | _cBK | ||
| 942 | _2ddc | ||
| 942 | _2ddc | ||
| 999 |
_c43323 _d43323 |
||